Meranie prietoku plynu pneumatickou sondou

Enregistré dans:
Détails bibliographiques
Auteur principal: Čelko, Tibor (Auteur)
Autres auteurs: Olšiak, Róbert (Directeur de thèse)
Format: Manuscrit Livre
Langue:slovaque
Publié: 2017
Sujets:
Accès en ligne:http://is.stuba.sk/zp/portal_zp.pl?podrobnosti=133171
Tags: Ajouter un tag
Pas de tags, Soyez le premier à ajouter un tag!

MARC

LEADER 00000ntm a22000003a 4500
001 stuzp63361
003 SK-STU
005 20170624212517.6
007 ta
008 150427s2015----xo-----f-mn---000-0-slo-d
040 |a STU  |b slo 
041 0 |a slo 
100 1 |a Čelko, Tibor  |u 020060  |4 aut  |U SjF Strojnícka fakulta  |T SjF Ústav energetických strojov a zariadení  |X 76355  |U J0060  |Y 805  |7 76355 
242 0 1 |a Gas flow measurement by pneumatic probe  |y eng 
245 1 0 |a Meranie prietoku plynu pneumatickou sondou 
260 |c 2017 
650 4 |a Pneumatická sonda  |2 slo 
650 4 |a tlaková diferencia  |2 slo 
650 4 |a stredná rýchlosť  |2 slo 
650 4 |a pressure differential  |2 eng 
650 4 |a Pneumatic probe  |2 eng 
650 4 |a medium speed  |2 eng 
700 1 |a Olšiak, Róbert  |u 020060  |k Z1  |4 ths  |U SjF Strojnícka fakulta  |T SjF Ústav energetických strojov a zariadení  |X 2339  |U J0060  |Y 805  |7 A000002339 
856 4 |u http://is.stuba.sk/zp/portal_zp.pl?podrobnosti=133171 
996 |b 284J045162  |c J* 2632/BP  |l JJSK  |s A  |a 24  |w stuzp63361_0001